| 000 | 03293cam a2200649 a 4500 | ||
|---|---|---|---|
| 003 | CHAP | ||
| 005 | 20220329142817.0 | ||
| 008 | 040302d2002 mx ad r 10100 spa d | ||
| 010 | _a88115 | ||
| 011 | _a89087 | ||
| 020 | _a968-884-582-5 | ||
| 020 | _a968-884-583-3 | ||
| 020 | _a968-884-584-1 | ||
| 020 | _a968-884-585-X | ||
| 020 | _a968-884-586-8 | ||
| 020 | _a9688845817 | ||
| 035 | _a99636 | ||
| 040 | _cCHAP | ||
| 082 | 0 | 4 |
_a631.7063 _bC8 1999 |
| 111 | 0 | 0 |
_aCurso Internacional de Sistemas de Riego ( _n5 : _d1999 : _cChapingo, Méx.) _930662 |
| 245 | 1 | 0 |
_aMemorias _c/por UACH. Departamento de Irrigación |
| 260 |
_aChapingo, Méx. : _bUACH. Departamento de Irrigación, _c1999. |
||
| 300 |
_a6 v. : _bilus. ; gráfs. ; cuadros |
||
| 500 | _aContenido : v.1 - ?Porqué es importante el riego?, Diseño agronómico de los sistemas de riego, Calendarización del riego en tiempo real v.2 - Hidráulica de sistemas de riego presurizado, Tecnificación del riego presurizado, Funcionamiento hidráulico de los sistemas de riego presurizado v.3 - Nivelación de tierras mediante tecnología laser, Diseño de riego por gravedad, Riego por surcos, Riego con tuberías de multicompuertas y equipos de fertiirrigación v.4 - Equipos de bombeo, Sistemas de riego por aspersión portátil, Pivote central, Normas nacionales e internacionales del subsector riego v.5 - Fisiología y nutrición vegetal, Sistemas de producción hidropónicos v.6 - Riego por goteo, Diseño y manejo de sistemas de microirrigación, Irrigación con goteo subsuperficial, Caso práctico de microirrigación | ||
| 590 |
_aBATCH-UPD _b10 _c20130110 _lUCH01 _h0214 |
||
| 590 |
_aBATCH-UPD _b10 _c20130110 _lUCH01 _h0852 |
||
| 590 |
_aBATCH-UPD _b10 _c20130409 _lUCH01 _h2232 |
||
| 590 |
_aBATCH-UPD _b10 _c20130410 _lUCH01 _h0947 |
||
| 590 |
_aBATCH-UPD _b10 _c20130914 _lUCH01 _h0656 |
||
| 590 |
_aBATCH-UPD _b10 _c20130914 _lUCH01 _h2144 |
||
| 590 |
_aCONVERSION _b10 _c20130109 _lUCH01 _h1349 |
||
| 650 | 1 | 4 |
_aBombeo. _913625 |
| 650 | 1 | 4 |
_aCalendario para irrigación. _917464 |
| 650 | 1 | 4 |
_aIngeniería hidráulica. _958235 |
| 650 | 1 | 4 |
_aIrrigación. _960366 |
| 650 | 1 | 4 |
_aMicroirrigación. _975516 |
| 650 | 1 | 4 |
_aPlantas _xNutrición. _988874 |
| 650 | 1 | 4 |
_aRiego de superficie. _997372 |
| 650 | 1 | 4 |
_aRiego por aspersión. _997375 |
| 650 | 1 | 4 |
_aRiego por aspersión. _997375 |
| 650 | 1 | 4 |
_aRiego por goteo. _997380 |
| 650 | 1 | 4 |
_aRiego presurizado. _997385 |
| 650 | 1 | 4 |
_aSistemas de riego. _9106772 |
| 650 | 1 | 4 |
_aTierras _xNivelación. _9113119 |
| 700 | 0 | 0 |
_aGarcía Herrera, Francisco _eed. _946137 |
| 700 | 0 | 0 |
_aMartínez Elizondo, René _eed. _972011 |
| 700 | 0 | 0 |
_aSánchez Bravo, Juan Rafael _eed. _9107372 |
| 901 | _aBK | ||
| 905 | _aAlejandra Carrasco M. | ||
| 942 | _cLIBRO | ||
| 949 |
_a631.7063 C8 1999 _bBC _cCONG _d33724000907986 _eCONG _fv.6 _h104193 _i99636 _sb |
||
| 949 |
_a631.7063 C8 1999 _bBC _cCONG _d33724000908042 _eCONG _fv.5 _h104192 _i99636 _sb |
||
| 949 |
_a631.7063 C8 1999 _bBC _cCONG _d33724000908109 _eCONG _fv.4 _h104191 _i99636 _sb |
||
| 949 |
_a631.7063 C8 1999 _bBC _cCONG _d33724000908166 _eCONG _fv.3 _h104190 _i99636 _sb |
||
| 949 |
_a631.7063 C8 1999 _bBC _cCONG _d33724000908224 _eCONG _fv.2 _h104189 _i99636 _sb |
||
| 949 |
_a631.7063 C8 1999 _bBC _cCONG _d33724000908349 _eCONG _fv.1 _h104188 _i99636 _sb |
||
| 999 |
_c88115 _d88115 |
||